| 000 | 00497nam a2200169 4500 | ||
|---|---|---|---|
| 001 | 136254 | ||
| 003 | ES-MaACL | ||
| 005 | 20230906195054.0 | ||
| 007 | t| | ||
| 008 | 070214s1976 sp r ||||1| spa d | ||
| 100 | 1 |
_aRullán, Jerónimo. _9100982 |
|
| 245 | 1 | 0 |
_aAusencias _b: poemas : (1974-1975) / _cJerónimo Rullán. |
| 260 |
_aMadrid : _b[s. n.], _c1976 ( _fImp. Pablo López) |
||
| 300 |
_a77 p. ; _c20 cm. |
||
| 852 |
_aES-MaACL _jE-9771 _bR.94305 |
||
| 852 |
_aES-MaACL _jE-10025 _bR.94294 |
||
| 999 |
_c136254 _d136254 |
||